000 01195pam a2200289 a 4500
999 _c7480
_d7480
001 2581672
003 OSt
005 20211115122639.0
008 960919s1997 enka b 001 0 eng
010 _a 96045961
020 _a0521583918 (hardback)
040 _aDLC
_cDLC
_dDLC
050 0 0 _aQA431
_b.A837 1997
082 0 0 _a551.46ATK 1997
100 1 _aAtkinson, Kendall E.
_915329
245 1 4 _aThe numerical solution of integral equations of the second kind /
_cKendall E. Atkinson.
260 _aCambridge ;
_aNew York :
_bCambridge University Press,
_c1997.
300 _axvi, 552 p. :
_bill. ;
_c24 cm.
440 0 _aCambridge monographs on applied and computational mathematics ;
_v4
_915330
504 _aIncludes bibliographical references (p. 519-546) and index.
650 0 _aIntegral equations
_xNumerical solutions.
_915331
856 4 2 _3Publisher description
_uhttp://www.loc.gov/catdir/description/cam028/96045961.html
856 4 1 _3Table of contents
_uhttp://www.loc.gov/catdir/toc/cam024/96045961.html
906 _a7
_bcbc
_corignew
_d1
_eocip
_f19
_gy-gencatlg
942 _2lcc
_cO_SHELF